000 00820nam a2200253Ia 4500
003 OSt
005 20221005084912.0
006 a|||||r|||| 00| 0
007 ta
008 221004b |||||||| |||| 00| 0 eng d
020 _a9781107662179 (pbk)
_c1575.11
024 _a16746
037 _b105449, 18/03/2015, International Book Distributors
_cTextual
040 _aCRL
_cCRL
_beng
041 _2eng
_aeng
082 _aO111973:g(S), Q4
100 _aJones Gavin
245 0 _aFailure and the American writer
_b Literary history
260 _aNew York
_bcambridge University Press USA
_c2014
300 _axii,191p.
_ccm.
650 _aENGLISH LITERATURE
942 _hO111973:g(S), Q4
_cTEXL
_2cc
999 _c993286
_d993286